Tamil̲il cir̲ukataiyin̲ tōr̲r̲amum vaḷarcciyum. (Record no. 82237)

MARC details
000 -LEADER
fixed length control field 00667cam a22002411 4500
001 - CONTROL NUMBER
control field sa 68008094
003 - CONTROL NUMBER IDENTIFIER
control field DLC
005 - DATE AND TIME OF LATEST TRANSACTION
control field 20260227112528.0
008 - FIXED-LENGTH DATA ELEMENTS--GENERAL INFORMATION
fixed length control field 950117s1967 ii 000 0 tamo
010 ## - LIBRARY OF CONGRESS CONTROL NUMBER
LC control number sa 68008094
025 ## - OVERSEAS ACQUISITION NUMBER
Overseas acquisition number PL480:I-T-2069
035 ## - SYSTEM CONTROL NUMBER
System control number (OCoLC)31829437
040 ## - CATALOGING SOURCE
Original cataloging agency DLC
Transcribing agency CU
Modifying agency CU
-- DLC
042 ## - AUTHENTICATION CODE
Authentication code premarc
050 00 - LIBRARY OF CONGRESS CALL NUMBER
Classification number PL4758.4
Item number .S5
100 1# - MAIN ENTRY--PERSONAL NAME
Personal name Civattampi, Kārttikēcu.
245 10 - TITLE STATEMENT
Title Tamil̲il cir̲ukataiyin̲ tōr̲r̲amum vaḷarcciyum.
260 ## - PUBLICATION, DISTRIBUTION, ETC.
Date of publication, distribution, etc. [1967]
300 ## - PHYSICAL DESCRIPTION
Extent 160 p.
Dimensions 18 cm.
500 ## - GENERAL NOTE
General note In Tamil.
500 ## - GENERAL NOTE
General note Previously published in Tin̲akaran̲.
650 #0 - SUBJECT ADDED ENTRY--TOPICAL TERM
Topical term or geographic name entry element Short stories, Tamil
General subdivision History and criticism.

No items available.

Powered by Koha